Statistics for NBA Goat Multiple Choice Quiz

Click here to take the quiz!

General Stats

  • This quiz has been taken 1,304 times
    (1,293 since last reset)
  • The average score is 26 of 50

Answer Stats

QuestionAnswer% Correct
Let's start easy, Who never lost in the finals?Michael Jordan
95%
Who has a losing record in the finals?Lebron James
91%
Who never won a Slam Dunk Contest?Lebron James
81%
Who played college baskteball?Michael Jordan
80%
Who won a Most Defensive Player of the Year award?Michael Jordan
77%
Who has the least season MVP award?Kobe Bryant
75%
Who didn't won the Rookie of the Year award?Kobe Bryant
73%
Who has a gambling addiction?Michael Jordan
72%
Who led the league in steals for in 3 different seasons?Michael Jordan
72%
Who has a hobby of playing golf?Michael Jordan
71%
In an recent NBA players survey, who has the most votes as the greatest player of all time?Michael Jordan
71%
Who was the lowest pick in the NBA draft among the three?Kobe Bryant
70%
Who has a father who played in the NBA too?Kobe Bryant
70%
Who has the highest career high in points in a single game?Kobe Bryant
65%
Who has the least Scoring champion awards?Lebron James
65%
Who was accused of a sex assault charge but eventually dropped later on.Kobe Bryant
60%
Who wasn't coached by the Zen Master?Lebron James
59%
He has the most triple-double in NBA Finals history.Lebron James
59%
Now, Who is the REAL GOAT?Michael Jordan
57%
Who's the only player sometime in their career came off the bench in the playoffs?Kobe Bryant
55%
He swept all the MVP(Season,All-Star,Finals) awards in a single season.Michael Jordan
54%
He has a NBA record for most missed field goals.Kobe Bryant
53%
He led his team in points, rebounds, assists, steals, and blocks in a single season.Lebron James
53%
He outscored a whole team 62-61 in three quarters only.Kobe Bryant
51%
First player in league history to lead both teams in all five statistical categories for a playoff round.Lebron James
51%
Who has the highest career PER?Michael Jordan
49%
He scored 32,292 points in just 1039 season games.Michael Jordan
46%
All of them have won a Gold medal in the olympics, who also won a Bronze medal?Lebron James
44%
who wore three jersey # in his entire career?Michael Jordan
44%
Who won an academy award?Kobe Bryant
43%
He scored 50 points or more in 4 consecutive gamesKobe Bryant
43%
Who has the least All-NBA team appearance?Michael Jordan
43%
Who's the only player who didn't reach the playoffs in his rookie season?Lebron James
42%
Who has a 1-9 playoff record before having success later on?Michael Jordan
42%
Who has the most All-star game MVPs?Kobe Bryant
41%
Who made 200 steals and 100 blocks in a single season?Michael Jordan
41%
Playoff Career Average: 28.9 PPG, .491 FPG%, .323 3PFG%, ..743 FT%Lebron James
40%
He finished the year with a total of ten 50-plus point games.Kobe Bryant
39%
Who was the youngest All-Star Starter in NBA history?Kobe Bryant
39%
Who claimed that he is the greatest player of all time?Lebron James
39%
Who starred in a movie called Trainwreck?Lebron James
37%
He won an Olympic gold medal as an amateur and as a professional.Michael Jordan
36%
He was honored with Presidential Medal of Freedom.Michael Jordan
34%
He recorded the first Triple-Double in U.S. Olympic Basketball HistoryLebron James
33%
He has a record of being a cover athlete of Sports Illustrated for 50 times.Michael Jordan
32%
Who won a J. Walter Kennedy Citizenship Award?Lebron James
31%
He recorded 61 points in Madison Square Garden, highest ever in court.Kobe Bryant
25%
His team posted a 27 game winning streak.Lebron James
20%
Who has the most All-NBA defensive team appearance?Kobe Bryant
18%
First player in NBA history to get 47 points, eight rebounds, five assists, four blocks, and three steals in an NBA game.Kobe Bryant
9%

Score Distribution

Percentile by Number Answered

Percent of People with Each Score

Your Score History

You have not taken this quiz since the last reset